Renewable energy sources and emerging technologies (Record no. 576241)
[ view plain ]
| 000 -LEADER | |
|---|---|
| fixed length control field | 00895nam a22001937a 4500 |
| 003 - CONTROL NUMBER IDENTIFIER | |
| control field | CEME |
| 005 - DATE AND TIME OF LATEST TRANSACTION | |
| control field | 20210628204114.0 |
| 008 - FIXED-LENGTH DATA ELEMENTS--GENERAL INFORMATION | |
| fixed length control field | 210105b xxu||||| |||| 00| 0 eng d |
| 020 ## - INTERNATIONAL STANDARD BOOK NUMBER | |
| International Standard Book Number | 9788120344709 |
| 040 ## - CATALOGING SOURCE | |
| Transcribing agency | ceme |
| 082 ## - DEWEY DECIMAL CLASSIFICATION NUMBER | |
| Classification number | 621.042 KOT |
| 100 ## - MAIN ENTRY--PERSONAL NAME | |
| Personal name | Kothari, D.P, Singal, K.C, Ranjan, Rakesh |
| 9 (RLIN) | 68772 |
| 245 ## - TITLE STATEMENT | |
| Title | Renewable energy sources and emerging technologies |
| 250 ## - EDITION STATEMENT | |
| Edition statement | 2ND |
| 260 ## - PUBLICATION, DISTRIBUTION, ETC. | |
| Place of publication, distribution, etc. | INDIA |
| Name of publisher, distributor, etc. | PRENTICE HALL OF INDIA |
| Date of publication, distribution, etc. | 2011 |
| 300 ## - PHYSICAL DESCRIPTION | |
| Extent | XXII, 434P |
| 650 ## - SUBJECT ADDED ENTRY--TOPICAL TERM | |
| Topical term or geographic name entry element | RENEWABLE ENERGY SOURCES.EMERGING TECHNOLOGIES.ELECTRICAL ENERGY GENERATION.SOLAR RADIATION AND ITS MEASUREMENT.THERMAL ENERGY COLLECTION.SOLAR THERMAL ENERGY CONVERSION SYSTEMS.WIND ENERGY.SOLAR PHOTOVOLTAIC SYSTEM.SMALL HYDROPOWER.GEOTHERMAL ENERGY.OCEAN ENERGY.BIOMASS ENERGY.FUEL CELLS.HYDROGEN ENERGY SYSTEM.HYBRID ENERGY SYSTEMS.ENVIRONMENT, ENERGY AND GLOBAL CLIMATE CHANGE. |
| 9 (RLIN) | 68773 |
| 942 ## - ADDED ENTRY ELEMENTS (KOHA) | |
| Koha item type | Book |
| Source of classification or shelving scheme | |
| Withdrawn status | Lost status | Damaged status | Not for loan | Permanent Location | Current Location | Shelving location | Date acquired | Total Checkouts | Full call number | Barcode | Date last seen | Price effective from | Koha item type |
|---|---|---|---|---|---|---|---|---|---|---|---|---|---|
| College of Electrical & Mechanical Engineering (CEME) | College of Electrical & Mechanical Engineering (CEME) | General Stacks | 08/02/2017 | 621.042 KOT | CEME-46228 | 06/28/2021 | 06/28/2021 | Book |
